000 00666nam a2200229 i 4500
001 135483
003 ES-MaACL
005 20230906194907.0
007 t|
008 070718s1971 sp ||||1| spa d
080 _a301.151.053.7(46)
100 1 _aTorbado, Jesús.
_9110622
245 1 0 _aJóvenes a la intemperie /
_cJesús Torbado.
250 _a[1ª ed.].
260 _a[Barcelona] :
_bPlaza & Janés,
_c[1971]
300 _a242 p. ;
_c20 cm.
490 1 _aTestigos de España
650 4 _aJóvenes-
_zEspaña-
_xSituación social.
_913953
830 0 _aTestigos de España
_9181879
852 _aES-MaACL
_jC-45814
_bR.76888
999 _c135483
_d135483